Francisco Miranda y otros personajes
Guardado en:
| Autor principal: | |
|---|---|
| Formato: | Libro |
| Lenguaje: | español |
| Publicado: |
Santiago
Andrés Bello
1970
|
| Edición: | 1a. ed |
| Materias: | |
| Etiquetas: |
Agregar Etiqueta
Sin Etiquetas, Sea el primero en etiquetar este registro!
|
MARC
| LEADER | 00000cam a2200000 a 4500 | ||
|---|---|---|---|
| 001 | UCE2756 | ||
| 003 | CL-VaPUC | ||
| 008 | 140724e19700000cl |||||||||||||||||spa|d | ||
| 082 | 0 | 4 | |a Ch864.26 |b EDW |2 21 |
| 100 | 0 | |a Edwards Bello, Joaquín |e author |9 344236 | |
| 245 | 1 | 0 | |a Francisco Miranda y otros personajes |
| 250 | |a 1a. ed | ||
| 300 | |a 299 p | ||
| 942 | |c BK | ||
| 945 | |d 20140724 10:48:00 |a dcastane | ||
| 260 | |a Santiago |b Andrés Bello |c 1970 | ||
| 650 | 0 | |a Ensayos chilenos |9 269132 | |
| 650 | 7 | |a ENSAYOS HISTORICOS |2 CL-VaPUC |9 315150 | |
| 650 | 0 | |a Vida social y costumbres |9 258725 | |
| 583 | |a last modification |c 20140724 10:48:00 |k Rodrigo Vera | ||
| 999 | |c 356330 |d 356328 | ||
| 952 | |0 0 |1 0 |3 erb |4 0 |6 CH_864_260000000000000_EDW_1970 |7 0 |8 A |9 463600 |a BIBHIS |b BIBHIS |i 5038413 |o Ch864.26 EDW 1970 |p 5038413 |r 2025-01-20 |w 2019-11-23 |y BK |z Catalogado en:20140724 |k HIS | ||